الدلفين / (رقم التسجيلة. 52996)

تفاصيل مارك
000 -LEADER
fixed length control field 00510nam a22001817a 4500
005 - DATE AND TIME OF LATEST TRANSACTION
control field 20251108170944.0
008 - FIXED-LENGTH DATA ELEMENTS--GENERAL INFORMATION
fixed length control field 250721s9999 xx 000 0 ara d
082 14 - DEWEY DECIMAL CLASSIFICATION NUMBER
Classification number ط/599.5/أشر
100 1# - MAIN ENTRY--PERSONAL NAME
Personal name أشرف، وفاء
245 10 - TITLE STATEMENT
Title الدلفين /
264 1# - PRODUCTION, PUBLICATION, DISTRIBUTION, MANUFACTURE, AND COPYRIGHT NOTICE
Place of production, publication, distribution, manufacture بيروت :
Name of producer, publisher, distributor, manufacturer الدار المصرية اللبنانية،
300 ## - PHYSICAL DESCRIPTION
Extent 16ص
490 0# - SERIES STATEMENT
Series statement أريد أن أعرف ؛ 12
650 17 - SUBJECT ADDED ENTRY--TOPICAL TERM
Topical term or geographic name as entry element الدلفين
650 17 - SUBJECT ADDED ENTRY--TOPICAL TERM
Topical term or geographic name as entry element الحيوانات البحرية
942 ## - ADDED ENTRY ELEMENTS (KOHA)
Source of classification or shelving scheme Dewey Decimal Classification
Koha item type كتب
المقتنيات
حالة السحب حالة الفقدان مصدر التصنيف حالة التلف غير قابل للإعارة المكتبة الرئيسية المكتبة الحالية موقع الرف تاريخ التزويد الرقم المتسلسل Total Checkouts رقم الإستدعاء تاريخ آخر ظهور تاريخ الفاتورة نوع المادة (كوها) الباركود
    Dewey Decimal Classification     المكتبة المركزية المكتبة المركزية مقتنيات قسم التزويد 28/07/2025 1740403   ط/599.5/أشر 28/07/2025 28/07/2025 كتب  
    Dewey Decimal Classification Unchecked   مكتبة البشائر للأطفال مكتبة البشائر للأطفال الإعارة 28/07/2025 364222   ط/599.5/أشر 28/07/2025 28/07/2025 كتب  
    Dewey Decimal Classification     مكتبة البشائر للأطفال مكتبة البشائر للأطفال الإعارة 28/07/2025 364216   ط/599.5/أشر 28/07/2025 28/07/2025 كتب 364216
    Dewey Decimal Classification Unchecked   مكتبة أبو علندا العامة مكتبة أبو علندا العامة الأطفال 06/07/2004 381   ط/599.5/أشر 28/07/2025 06/07/2004 كتب  
    Dewey Decimal Classification     مكتبة الاميرة بديعة مكتبة الاميرة بديعة الأطفال 27/06/2015 364227.   ط/599.5/أشر 28/07/2025 27/06/2015 كتب PLD00334221
    Dewey Decimal Classification     مكتبة البراءة للأطفال مكتبة البراءة للأطفال الأطفال 21/05/2015 1598571   ط/599.5/أشر 28/07/2025 21/05/2015 كتب PLD00325728
    Dewey Decimal Classification     مكتبة الحسن العامة مكتبة الحسن العامة الأطفال 18/10/2018 364230   ط/599.5/أشر 28/07/2025 18/10/2018 كتب PLD00435829
    Dewey Decimal Classification     مكتبة النصر العامة مكتبة النصر العامة الأطفال 19/04/2015 364231   ط/599.5/أشر 28/07/2025 19/04/2015 كتب PLD00385115
    Dewey Decimal Classification     مكتبة بدر للأطفال مكتبة بدر للأطفال الأطفال 17/08/2022 290521   ط/599.5/أشر 28/07/2025 17/08/2022 كتب PLD00499517
    Dewey Decimal Classification     مكتبة صويلح العامة مكتبة صويلح العامة الأطفال 21/07/2019 364232   ط/599.5/أشر 28/07/2025 21/07/2019 كتب PLD00458305
    Dewey Decimal Classification     مكتبة عدن للأطفال مكتبة عدن للأطفال الأطفال 09/02/2025 1792666   ط/599.5/أشر 28/07/2025 09/02/2025 كتب PLD00514925
Implemented & Customized by: BBB with SCIT (Smart Chains for Information Technology)

Powered by Koha